Farming Simulator - wszystkie mapy - Statystyki

Ogólne statystyki
  • Ten quiz został rozwiązany 23 razy
  • Średni wynik to 6 z 20
Statystyki odpowiedzi
FS Odpowiedź % Poprawnych
Fs22 (dlc) Zielonka
63%
Fs25 Zielonka
63%
Fs19 Felsbrunn
53%
Fs19 Ravenport
47%
Fs15 (dlc) Sosnówka
42%
Fs17 Sosnówka
42%
Fs22 Elmcreek
37%
Fs22 Haut-Beyleron
37%
Fs17 (dlc) Estancia Lapacho
32%
Fs19 (dlc) Erlengrat
26%
Fs22 Erlengrat
26%
Fs17 Goldcrest Valley
26%
Fs15 Bjornholm
21%
Fs22 (dlc) Las Silverrun
21%
Fs13 Hagenstedt
16%
Fs22 (dlc) HORSCH AgroVation
16%
Fs25 Hutan Pantai
16%
Fs25 Riverbend Springs
16%
Fs13 (dlc) Westbridge Hills
5%
Fs15 Westbridge Hills
5%
Nie znaleziono quizów pasujących do podanych kryteriów
Rozkład punktacji
Procent ludzi z każdym wynikiem
Percentyl według liczby udzielonych odpowiedzi
Twoja historia wyników
Nie rozwiązałeś tego quizu